| 000 | 00454cam a2200181ua 4500 | ||
|---|---|---|---|
| 020 | _c47.00 | ||
| 041 |
_aeng _h |
||
| 082 |
_a630.7254 _bBAN/AG |
||
| 100 | _aBansil, P.C. | ||
| 245 |
_aAgricultural statistics in India / _cPC Bansil. _hTextual Documents |
||
| 250 |
_a3 / _b. |
||
| 260 |
_aNew Delhi : _bOxford & IBH Publishing company , _c1984. |
||
| 300 | _a670 ; . | ||
| 365 | _a47.00 | ||
| 504 | _a | ||
| 942 | _cBK | ||
| 999 |
_c9640 _d9640 |
||